Hướng dẫn học nhanh ngữ pháp tiếng Anh theo chủ điểm

Đã lưu trong:
Bibliografiske detaljer
Hovedforfatter: Tạ, Bích Ngọc
Format: Bog
Sprog:Undetermined
Udgivet: Hà Nội Thanh Niên 2010
Fag:
Tags: Tilføj Tag
Ingen Tags, Vær først til at tagge denne postø!
Thư viện lưu trữ: Trung tâm Học liệu Trường Đại học Cần Thơ
LEADER 00613nam a2200205Ia 4500
001 CTU_160771
008 210402s9999 xx 000 0 und d
020 |c 52000 
082 |a 425 
082 |b Ng419 
100 |a Tạ, Bích Ngọc 
245 0 |a Hướng dẫn học nhanh ngữ pháp tiếng Anh theo chủ điểm 
245 0 |c Tạ Bích Ngọc 
260 |a Hà Nội 
260 |b Thanh Niên 
260 |c 2010 
650 |a English language,Tiếng Anh 
650 |x Grammar,Ngữ pháp 
904 |i Trọng Hải 
980 |a Trung tâm Học liệu Trường Đại học Cần Thơ